Oriental Literature Or the Dabistan (Record no. 1652)

MARC details
000 -LEADER
fixed length control field 00551nam a2200229 a 4500
020 ## - INTERNATIONAL STANDARD BOOK NUMBER
ISBN
082 00 - DEWEY DECIMAL CLASSIFICATION NUMBER
Classification number 891.5
Author Cutter SHE
100 ## - MAIN ENTRY--AUTHOR NAME
Author name Shea, David
245 ## - TITLE STATEMENT
Title Oriental Literature Or the Dabistan
260 ## - PUBLICATION, DISTRIBUTION, ETC. (IMPRINT)
Place of publication New York
Name of publisher Tudor Publishing Co.,
Year of publication 1937
300 ## - PHYSICAL DESCRIPTION
Number of Pages 411p
500 ## - GENERAL NOTE
General note includes index and biblioraphy
505 2# - FORMATTED CONTENTS NOTE
Formatted contents note Illus
650 ## - SUBJECT ADDED ENTRY--TOPICAL TERM
Topical Term Persian Literature
942 ## - ADDED ENTRY ELEMENTS (KOHA)
Koha item type Books
Holdings
Collection code Home library Current library Date acquired Cost, normal purchase price Full call number Accession Number Koha item type
  Henry Martyn Institute Library Henry Martyn Institute Library 05/24/2005 0.00 891.5 SHE 00848 Books
                   Copyright © 2026 | Henry Martyn Institute | Hyderabad | TS-500052 | INDIA | Implemented by hmi.edu.in
Hit-Count:

Powered by Koha